Guess The Flower - Statistics

General Stats
  • This quiz has been taken 27 times
  • The average score is 13 of 16
Answer Stats
Picture Answer % Correct
Rose
100%
Daisy
96%
Sunflower
96%
Tulip
96%
Daffodil
88%
Orchid
88%
Poppy
88%
Cherry Blossom
83%
Lavender
83%
Lotus
83%
Hibiscus
71%
marigold
71%
Dahlia
67%
Hydrangea
54%
Pansy
54%
Iris
42%
No matching quizzes found
Score Distribution
Percent of People with Each Score
Percentile by Number Answered
Your Score History
You have not taken this quiz